000 00635nam a22002297a 4500
003 UA-OsUOA
001 48370
007 ta
008 20070904b un ||||| |||| 00| 0 ukr d
100 _aПомеранцева Э. В.
090 _a82.09
_bП55
942 _cBK
040 _aUA-OsUOA
_brus
_cUA-OsUOA
_dUA-OsUOA
245 _aМифолгтческие персонажи в русском фольклоре
300 _a190 с.
955 _a2
041 _arus
080 _a82.09
260 _aМ.
_bНаука
_c1975
650 7 _a82 Література. Літературознавство
_2UDC
999 _c334477
_d334477